| 000 | 00723nam a2200217 i 4500 | ||
|---|---|---|---|
| 001 | 141273 | ||
| 003 | ES-MaACL | ||
| 005 | 20250823063109.0 | ||
| 007 | t| | ||
| 008 | 070920s1957 sp ||||1| spa d | ||
| 100 | 1 |
_aVives, Juan Luis, _d1492-1540 _9115574 |
|
| 245 | 1 | 0 |
_aDiálogos / _cJuan Luis Vives ; versión y nomenclatura por Ramón Pin de Latour ; con un estudio preliminar por J. Pin y Soler. |
| 260 |
_a[Barcelona : _bRafael Salvá, _c1957] |
||
| 300 |
_a214 p. ; _c19 cm. |
||
| 490 | 1 | _aObras maestras | |
| 700 | 1 |
_aPin de Latour, Ramón. _992061 |
|
| 700 | 1 |
_aPin y Soler, José. _992063 |
|
| 830 | 0 |
_aObras maestras _9181001 |
|
| 852 |
_aES-MaACL _jC-12570 _bR.40458 |
||
| 999 |
_c141273 _d141273 |
||